Normal view
MARC view
Entry Personal Name
001 - CONTROL NUMBER
- control field: 41737
003 - CONTROL NUMBER IDENTIFIER
- control field: dpl
005 - DATE AND TIME OF LATEST TRANSACTION
- control field: 20120213124048.0
008 - FIXED-LENGTH DATA ELEMENTS
- fixed length control field: 120213|||a|||||| | ||| d
040 ## - CATALOGING SOURCE
- Original cataloging agency: dpl
- Transcribing agency: dpl
100 ## - HEADING--PERSONAL NAME
- Personal name: पैसोआ, फरनान्दो
670 ## - SOURCE DATA FOUND
- Source citation: Work cat.: (dpl): पैसोआ, फरनान्दो, आत्मा की खोज /, 2006
670 ## - SOURCE DATA FOUND
- Source citation: Work cat.: (dpl): पैसोआ, फरनान्दो, आत्मा की खोज /, 2006
